000 00514nam a22001817a 4500
999 _c2924
_d2881
008 180502b xxu||||| |||| 00| | tur d
020 _a9758658611
041 _atur
050 _aPL248.E63
100 _91449
_aErdoğdu, Hayri
245 _aOynatmak
_bKalabalık Yalnızlıklar
250 _a1. baskı
260 _aİstanbul
_bKarakutu Yayınları
_cŞubat 2004
300 _a351 Sayfa
500 _aKarakutu Yayınları: 45; Türk Edebiyatı / Roman: 4
650 0 _9145
_aTürk Edebiyatı
942 _2lcc
_cBK